Вопросы совершенствования региональных энергетических систем и комплексов: Сборник научных трудов

Manylion Llyfryddiaeth
Awdur Corfforaethol: Саратовский государственный технический университет (СГТУ)
Crynodeb:40-лет энергетическому факультету.
Iaith:Rwseg
Cyhoeddwyd: Саратов, Изд-во Саратовского ГТУ, 1999
Pynciau:
Fformat: Llyfr
KOHA link:https://koha.lib.tpu.ru/cgi-bin/koha/opac-detail.pl?biblionumber=12961

MARC

LEADER 00000nam0a2200000 4500
001 12961
005 20231030184714.0
010 |a 5743306079 
035 |a (RuTPU)RU\TPU\book\13042 
035 |a BOOK00013110 
090 |a 12961 
100 |a 20011209d1999 k y0rusy50 ca 
101 0 |a rus 
102 |a RU 
105 |a y z 010zy 
200 1 |a Вопросы совершенствования региональных энергетических систем и комплексов  |e Сборник научных трудов  |f Саратовский государственный технический университет (СГТУ) 
210 |a Саратов  |c Изд-во Саратовского ГТУ  |d 1999 
215 |a 115 с. 
300 |a 40-лет энергетическому факультету. 
610 1 |a энергетические системы 
610 1 |a топливно-энергетический комплекс 
610 1 |a энергоснабжение 
610 1 |a оптимизация 
675 |a 621.311  |v 3 
712 0 2 |a Саратовский государственный технический университет (СГТУ)  |c (1992- )  |2 stltpush  |3 (RuTPU)RU\TPU\col\95 
801 0 |a RU  |b 63413507  |c 20011209  |g PSBO 
801 2 |a RU  |b 63413507  |c 20071218  |g PSBO 
942 |c BK